01609nam a2200349 i 4500003000900000005001700009007000300026008004100029020001800070040003000088041000800118082001700126100005300143245021700196264006200413300004500475336002700520337003300547338002800580500006300608504003900671590002600710700004600736700004900782700005300831700004800884700004900932910001500981942001400996952023201010999001701242DO-SdBNP20250424094145.0ta250424b2008 cu a|||| |||| 00| 0 spa d a9789590108259 aDO-SdBNPbspacBNPHUerda hspa 4axxxbxxx2221 aÁlvarez Pitaluga, Antonio,eautor4aut.95042013aLa familia de Máximo Gómez /cAntonio Néstor Álvarez Pitaluga ; edición, Rosa Alfonso Mestre, Norma Castillo Falcato ; corrección, Olga María López, Digna Martínez ; prólogo, Oscar Loyola Vega 4aCiudad de la Habana, Cuba :bEditora Política,c©2008. a186 páginas :bilustraciones ;c23 cm. atextobtxt2rdacontent asin mediaciónbn2rdamedia avolumenbnc2rdacarrier aIncluye datos biográficos del autor en la contracubierta aBibliografía : páginas 183-186 aInventariado, 2025/BT1 aAlfonso Mestre, Rosa,eeditor4ed.9440291 aCastillo Falcato, Norma,eeditor4ed.9875101 aLópez, Olga Mar►1a,ecorrector4corr.9875111 aMartínez, Digna,ecorrector4corr.9875121 aLoyola Vega, Oscar,eprologuista4pr.987513 aBtavárez 2ddccLBS1 00102ddc56708GRaBNPHUbBNPHUcCTd2025-04-24eDonado por la Presidencia de la República Dominicana 2023.l0oBNPHU GRp2025-3573r2025-04-24w2025-04-24yLBS1zPertenecio a la bilioteca personal de Emilio Cordero Michel. c58772d58772